000 00586nam a2200205Ia 4500
001 21567
003 GE_BSU
008 181216s||||||||xx |||||||||||||| ||und||
040 _cGE_BSU
245 _aГенетика. Том 53, №10. Октябрь 2017
245 _cГл. ред. Янковский
260 _aМосква
260 _bНаука
260 _c2017
300 _a1115-1234 стр. 29см. илл.
653 _aГенетика. Том 53, №10. Октябрь 2017
653 _aПериодика
653 _aპერიოდიკა
942 _cCR
999 _c54504
_d54504